Pierre Boulez: conversations with Célestin Deliège

Guardat en:
Dades bibliogràfiques
Autor principal: Boulez, Pierre
Format: Llibre
Idioma:anglès
Publicat: London, England, United Kingdom Eulenburg 1976
Matèries:
Etiquetes: Afegir etiqueta
Sense etiquetes, Sigues el primer a etiquetar aquest registre!

MARC

LEADER 00000nam a2200000 a 4500
001 UCN3259
003 CL-VaPUC
005 20231107151744.0
008 010622e19760000UK |||||||||||||||||eng|d
999 |c 296184  |d 296182 
040 |c Pontificia Universidad Católica de Valparaíso 
082 0 4 |a 780.92 BOU 1976  |2 21 
100 0 |a Boulez, Pierre  |9 459735 
245 1 0 |a Pierre Boulez: conversations with Célestin Deliège 
260 0 3 |a London, England, United Kingdom  |b Eulenburg  |c 1976 
300 |a 123 páginas 
583 |a last modification  |c 20010622 00:00:00  |k Rodrigo Vera 
600 0 7 |a DELIEGE, CELESTIN  |2 CL-VaPUC  |9 459736 
650 0 |a Compositores franceses  |9 328980 
650 0 |a Entrevistas  |9 265537 
650 0 |a Creación artística musical  |9 306472 
942 |c BK  |2 ddc 
945 |d 20010622 00:00:00  |a crobeson 
952 |0 0  |1 0  |2 ddc  |4 0  |6 780_920000000000000_BOU_1976  |7 0  |8 A  |9 349803  |a BIBEDU  |b BIBEDU  |d 2019-11-20  |i 1187805  |o 780.92 BOU 1976  |p 1187805  |r 2023-01-12  |t 1  |w 2019-11-20  |y BK  |k MUS